| 000 | 00619cam a2200181 a 4500 | ||
|---|---|---|---|
| 001 | 000003126 | ||
| 005 | 20200929150334.0 | ||
| 008 | 840209s1993 ag 000 0 spa | ||
| 040 |
_aDO-SdBNP _bspa _cBNPHU |
||
| 082 |
_axxx _bxxx |
||
| 100 | 1 |
_aGreeley, Andrew M. _99852 |
|
| 240 | 0 |
_aWages of sin _lEspañol |
|
| 245 | 1 | 4 |
_aLas deudas del pecado / _cAndrew M. Greeley ; traductor Graciela Jáuregui. |
| 260 |
_aArgentina : _bJavier Vergara Editor, _c1993. |
||
| 300 |
_a281 p. ; _c24 cm. |
||
| 500 | _aIncluye datos biográficos del autor en la solapa de la contracubierta | ||
| 700 | 1 |
_aJáuregui, Graciela, _etrad. _99853 |
|
| 999 |
_c2957 _d2957 |
||